| 000 | 00355 a2200145 4500 | ||
|---|---|---|---|
| 003 | Nust | ||
| 005 | 20170207171606.0 | ||
| 040 | _cNust | ||
| 082 | _a005.1 | ||
| 100 | _aKanwal, Maria (MSCS-20) | ||
| 245 |
_aRestricting Unauthorized use of Facebook _cMaria Kanwal |
||
| 260 |
_aRawalpindi _bMCS,NUST _cNovember,2015 |
||
| 650 | _aPG Thesis MSCS | ||
| 651 | _aMSCS-20 | ||
| 942 | _cTHS | ||
| 999 |
_c217586 _d217586 |
||